| 000 | 00874cad a22002295a 4500 | ||
|---|---|---|---|
| 001 | L146730 | ||
| 008 | 090220s2008 xxkad f 000 0 eng d | ||
| 035 | _a(Sirsi) u146730 | ||
| 041 | 0 | _aeng | |
| 050 | 0 | 4 | _a333.32 $2 18 |
| 110 | 2 |
_aKing Sturge _93877 |
|
| 245 | 0 | 0 |
_aPulse _bbusiness recovery newsletter issue 1 _h[electronic resource] |
| 260 |
_aLondon _bKing Sturge _c2008 |
||
| 490 | 0 |
_aPulse Business Recovery Newsletter _vIssue 1 |
|
| 520 | _aNewsletter for banking, accountancy and legal professionals in the real estate and plant and machinery industries. | ||
| 590 | _aKA | ||
| 650 | 2 | 4 | _aKING STURGE PULSE BUSINESS RECOVERY NEWSLETTER |
| 651 | 4 |
_aUnited Kingdom _y |
|
| 690 | _aPROPERTY-COMMERCIAL PROPERTY-COMMERCIAL PROPERTY MARKET | ||
| 856 | 4 | 0 |
_uhttps://www.kingsturge.com/research/ _zView the newsletter at www.kingsturge.com/research... |
| 942 | _n0 | ||
| 999 |
_c109270 _d109270 |
||